000 00362nam a2200133Ia 4500
008 240624s9999 xx 000 0 und d
041 _aeng
082 _a519.5 MOO
100 _aMOOD ALEXANDER M
245 _aINTRODUCTION TO THE THEORY OF STATISTICS
250 _a(3rd ed.)
260 _c2006
_aNew Delhi
_bTata McGraw- Hill
300 _axii, : 564 : p. : cm. ; 19
999 _c8092
_d8092